| 000 | 00547nam a22001937a 4500 | ||
|---|---|---|---|
| 999 |
_c19651 _d19651 |
||
| 003 | AR-CdUCM | ||
| 008 | 190518b ||||| |||| 00| 0 spa d | ||
| 040 |
_aMUNICIPALIDAD PROVINCIAL DEL CUSCO _cBIBLIOTECA MUNICIPAL DEL CUSCO |
||
| 082 |
_a828.9 / _bH27 |
||
| 100 |
_aHope, Anthony _941112 |
||
| 245 | _aEl prisionero de zenda / | ||
| 260 |
_aColombia ; _bOveja negra, _c1985. |
||
| 300 |
_a137 páginas : _c21 cm. |
||
| 505 | _aContenido : Novela. | ||
| 650 |
_aLiteratura _983 |
||
| 650 |
_aNovela _95 |
||
| 942 |
_2ddc _cLIBROS |
||
| 945 | _arcc | ||